Statistiken für Anschlussstellen der Bundesautobahn 81

Klicken Sie hier um das Quiz zu spielen!

Allgemein

  • Dieses Quiz wurde 9 mal gespielt
  • Das Durchschnittsergebnis liegt bei 22 aus 42

Antwortstatistiken

HintAntwort% Korrekt
23Böblingen
78%
11Heilbronn/Untergruppenbach
78%
16Ludwigsburg-Süd
78%
34Rottweil
78%
4Ahorn
67%
28Herrenberg
67%
15Ludwigsburg-Nord
67%
14Pleidelsheim
67%
21Sindelfingen-Ost
67%
41Singen
67%
35Villingen-Schwenningen
67%
22Böblingen-Ost
56%
5Boxberg
56%
31Empfingen
56%
27Gärtringen
56%
30Horb am Neckar
56%
12Ilsfeld
56%
13Mundelsheim
56%
33Oberndorf am Neckar
56%
29Rottenburg
56%
17Stuttgart-Zuffenhausen
56%
32Sulz am Neckar
56%
3Tauberbischofsheim
56%
10Weinsberg/Ellhofen
56%
24Böblingen-Hulb
44%
1 (A3)Dreieck Würzburg-West
44%
25Ehningen
44%
39Engen
44%
26Hildrizhausen
44%
20 (A8,A831)Kreuz Stuttgart
44%
7Möckmühl
44%
6Osterburken
44%
18Stuttgart-Feuerbach
44%
36Tuningen
44%
37 (A864)Dreieck Bad Dürrheim
33%
19 (A8)Dreieck Leonberg
33%
38Geisingen
33%
2Gerchsheim
33%
42Hilzingen
33%
40Kreuz Hegau
33%
9Kreuz Weinsberg
33%
8Neuenstadt am Kocher
33%

Verteilung der Resultate

Perzentil nach korrekt beantworteten Fragen

Anzahl Personen mit jedem Resultat

Ihre Resultats-Entwicklung

Sie haben dieses Quiz noch nicht gespielt